| 000 | 00474nam a2200121Ia 4500 | ||
|---|---|---|---|
| 008 | 160712s9999 xx 000 0 und d | ||
| 100 | _aGomez, Jose Edgardo Jr. | ||
| 245 |
_cJosé Edgardo Gomez, Jr. _aBayanihan o Kanya-kanyang Lutas? Pag-unawa at Pagplano sa Bakas ng Bagyong Yolanda sa Tacloban |
||
| 260 |
_c2015 _bDaluyan: Journal ng Wikang Filipino |
||
| 300 | _a no. 2 | ||
| 650 | _xFILIPINO | ||
| 856 | _uhttp://journals.upd.edu.ph/index.php/djwf/issue/view/473/showToc | ||
| 999 |
_c297011 _d297011 |
||